000 00442nam a2200193 a 4500
001 1756363578289
003 ACL
005 20250828121810.0
008 250828s2006##################000#0#eng##
020 _a9780300114492
082 0 4 _a759.13
_bWYL
100 1 _aWylie, Charles,
_eauthor.
245 1 0 _aRobert Ryman :
260 _c2006.
300 _a70 pages
650 0 _aArchitecture.
942 _cENGLISH
040 _aACL
_beng
_cACL
999 _c584240
_d584240